Responses for Show #7316 - Monday, June 6, 2016

Contestants

[<< previous game]

Stew Latwin, a Navy pilot originally from Rye, New York

Gary Yokie, a graphic designer and editor from Houston, Texas

Kelly Bayles, a librarian from Tulsa, Oklahoma (whose 3-day cash winnings total $62,700)

[next game >>]

Jeopardy! Round responses

AIRCRAFT FOR THE AGES
(Alex: All of the clues were recorded by our Clue Crew onboard the Intrepid Sea, Air & Space Museum in New York. They had a lot of fun.)
KITCHEN TERMS DEFINED
CANADIANA
PRO SPORTS TEAM NAME CHANGES
NATIONAL PARKS
CROSSWORD CLUES "P"
(Alex: Highlighted because each correct response will begin with that letter.)
    $200 5
(Gary: What are New York and Paris?)

New York & London

GaryStew
    $200 1
the germ

Triple Stumper
    $200 26
(Stew: What is New Brunswick?)
(Gary: What is Prince Edward Island?)

Newfoundland

GaryStew
Triple Stumper
    $200 16
the Brooklyn Dodgers

Stew
    $200 11
Washington

Kelly
    $200 25
pizzeria

Kelly
    $400 6
the Enterprise

Kelly
    $400 2
albacore

Gary
    $400 27
(Alex: We have less than a minute now.)

the Commonwealth

Gary
    $400 17
(Kelly: Um, what are the... Seahawks?)

the Bobcats

KellyStew
    $400 12
Florida

Gary
    $400 23
perfume

Stew
    $600 8
Cuba

Kelly
    $600 3
omega-3

Kelly
    $800 28
lacrosse

Gary
    $600 18
the Titans

Stew
    $600 13
(Kelly: Um, what is, um, Devil's Tower?)

the Badlands

KellyStew
    $600 21
Prohibition

Stew
    $800 9
titanium

Gary
    $800 4
the Scoville scale

Stew
    $800 29
[The end-of-round signal sounds.]

the CBC (Canadian Broadcasting Corporation)

Kelly
    $800 19
[Alex reads "NL" as "National League's".]

the Cincinnati Reds

Stew
    $800 14
the Blue Ridge

Kelly
    $800 22
prawn

Stew
    $1000 10
Midway

Gary
    $1000 7
mezzaluna

Stew
    $1000 20
(Alex: Yes. They used to be the Devil Rays.)

the Tampa Bay Rays

Stew
    $1000 15
Maine

Stew
    $1000 24
pedometer

Kelly

Scores at the first commercial break (after clue 15):

Kelly Gary Stew
$2,000 $2,400 $3,600

Scores at the end of the Jeopardy! Round:

Kelly Gary Stew
$3,600 $3,400 $8,200

Double Jeopardy! Round responses

FROM THE FOREIGN
OSCAR-WINNING SONGS
"M"ISCELLANY
ELLIS ISLAND
IT'S OVER BETWEEN US
ALL KINDS OF DRAMA
    $400 11
Wunderkind

Gary
    $400 6
"Zip-A-Dee-Doo-Dah"

Kelly
    $400 16
(Kelly: What is nail polish?)
(Gary: What is mascara?)

manicure

KellyGary
Triple Stumper
    $400 21
the New York subway

Gary
    $400 26
(Gary: What is polygamy?)

a mixed marriage (or interfaith marriage)

Gary
Triple Stumper
    $400 1
happily

Kelly
    $800 12
cipher

Kelly
    $800 7
"The Lullaby Of Broadway"

Kelly
    $800 17
Madison

Kelly
    $800 22
Germany

Kelly
    $800 27
(Stew: What is [*]'s?)

Kay

Stew
    $800 2
masques (masquerades accepted)

Kelly
    $2,000 13
(Kelly: [Sighs] Um, what is... profit?)

revenue

Kelly
    $1200 8
"Glory"

Triple Stumper
    $1200 18
Micah

Gary
    $3,000 23
the Statue of Liberty

Kelly
    $1200 28
[The end-of-round signal sounds.]

rows

Triple Stumper
    $1200 3
Paris

Kelly
    $1600 14
(Kelly: Um, what is Italian?)
(Stew: What is Latin?)
(Gary: What is Greek?)
(Alex: No. No harm, no foul again.)

Russian

KellyGaryStew
Triple Stumper
    $1600 9
Vanessa Williams

Stew
    $1600 19
Clement Moore

Gary
    $1600 25
(Alex: Right, with less than a minute to go now.)

LaGuardia

Stew
    $1600 4
farce

Stew
    $2000 15
avast

Stew
    $2000 10
(Kelly: Who is Irene Cara?)
(Gary: Who is Donna Summer?)
(Stew: Who is Michael Sembello?)
...
(Alex: No harm, no foul on that one.)

Giorgio Moroder

KellyGaryStew
Triple Stumper
    $2000 20
a madeleine

Stew
    $2000 24
County Cork

Gary
    $2000 5
a miracle play

Triple Stumper

Scores at the end of the Double Jeopardy! Round:

Kelly Gary Stew
$6,600 $4,600 $14,200
(lock game)

[wagering suggestions for these scores]

Final Jeopardy! Round responses

18th CENTURY NAMES
GaryWhat is Amadeus?
$4,600
KellyWhat is Amadeus?
$6,600
StewWhat is ?
$800
Amadeus

Final scores:

Kelly Gary Stew
$13,200 $9,200 $13,400
2nd place: $2,000 3rd place: $1,000 New champion: $13,400

Game dynamics:

Coryat scores:

Kelly Gary Stew
$6,800 $4,400 $14,200
17 R
(including 1 DD),
6 W
(including 1 DD)
11 R
(including 1 DD),
6 W
19 R,
3 W

Combined Coryat: $25,400

[game clues] [game scores] [suggest correction]

Game tape date: Unknown
The J! Archive is created by fans, for fans. Scraping, republication, monetization, and malicious use prohibited; this site may use cookies and collect identifying information. See terms. The Jeopardy! game show and all elements thereof, including but not limited to copyright and trademark thereto, are the property of Jeopardy Productions, Inc. and are protected under law. This website is not affiliated with, sponsored by, or operated by Jeopardy Productions, Inc. Join the discussion at JBoard.tv.